000 00683nam a2200229Ia 4500
003 OSt
005 20221006164837.0
006 a|||||r|||| 00| 0
007 ta
008 221006b |||||||| |||| 00| 0 eng d
024 _a145
037 _cTextual
040 _aFML
_cFML
_beng
041 _2eng
_aeng
082 _aNR44:3, P7
100 _aBruckner Heidrun Au.
_9678462
245 0 _aThe Power Of Performance
_b Actors, Audience And Observers Of Cultured Performances In India
260 _aDelhi
_bManohar Publisher & Distributors
_c2007
300 _a290
_ccm.
942 _hNR44:3, P7
_cTEXL
_2CC
999 _c1118669
_d1118669